000 00882nam a2200313 a 4500
003 AR-BaBNM
005 20251128203643.0
008 082120s2002 ||||||||||||||000 | spa||
040 _cAR-BaBNM
100 1 _aLevinson, Abraham
245 0 0 _aEl niño mentalmente retardado
_bguía para los padres y educadores
260 _aBuenos Aires
_bLerú
_c1960
300 _a181 p.
500 _aBilbiografía: p. 178-181
650 4 _aEDUCACION ESPECIAL
650 4 _aPSICOLOGIA DEL NIÑO
650 4 _aPSIQUIATRIA
650 4 _aENFERMEDADES MENTALES
650 4 _aSALUD MENTAL
650 4 _aPSICOLOGOS ESCOLARES
650 4 _aPRUEBAS PSICOLOGICAS
650 4 _aPRUEBAS DE DIAGNOSTICO
650 4 _aRETARDO MENTAL
653 _aDISCAPACIDAD MENTAL
700 1 _aBuck, Pearl S.
_eprologuista
700 1 _aVelzi, Ricardo M.
_etraductor
942 _cBK
998 _cSILVI
999 _c4345
_d4345